Paesi per immagini #3 - Statistics

Statistiche generali
  • Questo quiz è stato fatto 3.193 volte
  • Il punteggio medio è 9 su 15
Statistiche sulle risposte
con Immagini Risposta % Corretto
Francia
92%
Stati Uniti
91%
Spagna
90%
Città del Vaticano
88%
Paesi Bassi
88%
Giordania
70%
Tanzania / Kenya
66%
Austria
60%
Ungheria
54%
Cuba
49%
Irlanda
43%
Iran
42%
Argentina
32%
Croazia
32%
Taiwan
32%
Nessun quiz corrispondente trovato
Distribuzione punteggi
Percentuale di utenti per punteggio
Percentile per numero di risposta
I tuoi punteggi nel tempo
Non hai fatto questo quiz